Novaplant 2002 Bt. piacrajutásának lehetőségeinek marketing vizsgálata
Elmentve itt :
| Szerző: | |
|---|---|
| További közreműködők: | |
| Dokumentumtípus: | Szakdolgozat |
| Megjelent: |
2002
|
| Kulcsszavak: | Piacrajutás Marketing Vállalkozás |
| Tárgyszavak: | |
| Online Access: | http://diploma.bibl.u-szeged.hu/101043 |
| LEADER | 00742nta a2200229 i 4500 | ||
|---|---|---|---|
| 001 | dipl101043 | ||
| 005 | 20220127083035.0 | ||
| 008 | 220113s2002 hu om 0|| zxx d | ||
| 040 | |a SZTE Diploma Repozitórium |b hun | ||
| 041 | |a zxx | ||
| 100 | 1 | |a Kiss Krisztián | |
| 245 | 1 | 0 | |a Novaplant 2002 Bt. piacrajutásának lehetőségeinek marketing vizsgálata |h [elektronikus dokumentum] / |c Krisztián Kiss |
| 260 | |c 2002 | ||
| 300 | |a 39 | ||
| 650 | 4 | |a Agrár | |
| 650 | 4 | |a Economics and business | |
| 695 | |a Piacrajutás | ||
| 695 | |a Marketing | ||
| 695 | |a Vállalkozás | ||
| 700 | 0 | 1 | |a Badacsonyi Anna |e ths |
| 700 | 0 | 1 | |a Kiss László |e ths |
| 856 | 4 | 0 | |u https://diploma.bibl.u-szeged.hu/id/eprint/101043/2/2002_kiss_krisztian.pdf |z Dokumentum-elérés |